[Event "SR 2. liga A 2011/2012"]
[Site "?"]
[Date "2011.12.03"]
[Round "29.3"]
[White "Obdrzalkova, Anita"]
[Black "Biro, Karol"]
[Result "0-1"]
[WhiteElo "1994"]
[BlackElo "2158"]
[PlyCount "102"]
[EventDate "2011.??.??"]
[WhiteTeam "Slovakia"]
[BlackTeam "Slovakia"]
[WhiteTeamCountry "SVK"]
[BlackTeamCountry "SVK"]

1. d4 d6 2. c4 e5 3. e3 Be7 4. Nc3 c6 5. Nf3 Nd7 6. Bd3 Ngf6 7. O-O O-O 8. Qc2
Re8 9. b3 Bf8 10. Bb2 Qe7 11. Nd2 g6 12. Rad1 Nh5 13. dxe5 dxe5 14. Be2 Ndf6
15. Nf3 Bf5 16. Qc1 Ng7 17. Nxe5 Qc7 18. Nf3 Bg4 19. h3 Bxf3 20. Bxf3 Nf5 21.
Ne2 Bg7 22. Nd4 Nh4 23. Be2 Qa5 24. g3 Nf5 25. Nxf5 Qxf5 26. Kg2 h5 27. Bf3 Qe6
28. Qc2 Nh7 29. Bxg7 Kxg7 30. h4 Nf6 31. Be2 Qe5 32. Bf3 Re7 33. Rd2 Rh8 34.
Qb2 Qc5 35. Rfd1 g5 36. Rd6 Rh6 37. b4 Qf5 38. e4 Qe5 39. Qxe5 Rxe5 40. hxg5
Rxg5 41. Re1 h4 42. e5 Ng8 43. Rxh6 Nxh6 44. b5 cxb5 45. cxb5 b6 46. Re4 hxg3
47. fxg3 Nf5 48. g4 Ne7 49. a4 Ng6 50. e6 fxe6 51. Rxe6 Nf4+ 0-1

[Event "SR 2. liga A 2011/2012"]
[Site "?"]
[Date "2011.12.03"]
[Round "29.4"]
[White "Dolnak, Michal"]
[Black "Ujhelyi, Matus"]
[Result "1-0"]
[WhiteElo "2098"]
[BlackElo "1972"]
[PlyCount "59"]
[EventDate "2011.??.??"]
[WhiteTeam "Slovakia"]
[BlackTeam "Slovakia"]
[WhiteTeamCountry "SVK"]
[BlackTeamCountry "SVK"]

1. d4 Nf6 2. c4 g6 3. g3 Bg7 4. Bg2 O-O 5. Nc3 d6 6. Nf3 Nbd7 7. O-O c6 8. e4
Re8 9. h3 e5 10. Re1 a5 11. Rb1 exd4 12. Nxd4 Nc5 13. Kh2 Ne6 14. Nc2 Nh5 15.
Be3 Nc7 16. Bd4 Be6 17. Bxg7 Nxg7 18. Ne3 f5 19. exf5 Nxf5 20. b3 Nxe3 21. Rxe3
Bf5 22. Rxe8+ Qxe8 23. Rc1 Rd8 24. Qd2 Qf7 25. Rd1 h5 26. Ne2 a4 27. Nd4 axb3
28. axb3 d5 29. Qb4 dxc4 30. Nxf5 1-0

[Event "SR 2. liga A 2011/2012"]
[Site "?"]
[Date "2011.12.03"]
[Round "29.5"]
[White "Merva, Frantisek"]
[Black "Kebis, Milos"]
[Result "1-0"]
[WhiteElo "2047"]
[BlackElo "2008"]
[PlyCount "115"]
[EventDate "2011.??.??"]
[WhiteTeam "Slovakia"]
[BlackTeam "Slovakia"]
[WhiteTeamCountry "SVK"]
[BlackTeamCountry "SVK"]

1. e4 e5 2. Nf3 Nc6 3. Bb5 Nf6 4. O-O d6 5. d4 exd4 6. Nxd4 Bd7 7. Nc3 Be7 8.
f3 O-O 9. Be3 Ne5 10. Be2 c6 11. h3 b5 12. b3 b4 13. Nb1 c5 14. Nb5 Qb8 15. f4
Bxb5 16. fxe5 Bxe2 17. Qxe2 dxe5 18. Bg5 Qb6 19. Bxf6 Bxf6 20. Nd2 c4+ 21. Kh1
c3 22. Nc4 Qe6 23. a4 Rad8 24. Rf3 Rd4 25. Rd1 Rfd8 26. Rfd3 Be7 27. Rxd4 Rxd4
28. Rxd4 exd4 29. Qf3 h5 30. Kg1 Qh6 31. Kf2 Qc1 32. Qd3 Qf4+ 33. Ke2 Bf6 34.
Qf3 Qc1 35. Kd3 Qg5 36. e5 Be7 37. Kxd4 Qg6 38. Qa8+ Bf8 39. Qe4 Qg5 40. Nd6
Qd8 41. Qd5 Qc7 42. a5 g6 43. a6 h4 44. Qc5 Qe7 45. Qxb4 Qg5 46. Qxc3 Qxg2 47.
Qd3 Qg1+ 48. Kd5 Qg2+ 49. Kc5 Qf2+ 50. Kc6 Qb6+ 51. Kd7 Qc5 52. Qc4 Bxd6 53.
exd6 Qf5+ 54. Kc7 Qa5+ 55. Kc8 Qf5+ 56. d7 Qxh3 57. Kc7 Qg3+ 58. Kb7 1-0

[Event "SR 2. liga A 2011/2012"]
[Site "?"]
[Date "2011.12.03"]
[Round "29.6"]
[White "Mandak, Miroslav"]
[Black "Partys, Petr"]
[Result "0-1"]
[WhiteElo "2003"]
[BlackElo "2027"]
[PlyCount "128"]
[EventDate "2011.??.??"]
[WhiteTeam "Slovakia"]
[BlackTeam "Slovakia"]
[WhiteTeamCountry "SVK"]
[BlackTeamCountry "SVK"]

1. d4 Nf6 2. Nf3 e6 3. e3 b6 4. Bd3 Bb7 5. Nbd2 d5 6. O-O Be7 7. c3 O-O 8. Qc2
Nbd7 9. b3 c5 10. Bb2 Rc8 11. Rac1 Qc7 12. Qb1 Qb8 13. h3 Qa8 14. Rfe1 Ne4 15.
Be2 f5 16. Nxe4 fxe4 17. Nh2 Qb8 18. c4 Rxf2 19. Ng4 Rff8 20. dxc5 h5 21. Nh2
Bxc5 22. Bxh5 Qg3 23. Nf1 Qf2+ 24. Kh1 Qh4 25. Bg4 Rce8 26. cxd5 Bxd5 27. Rc2
Bd6 28. g3 Qg5 29. Qd1 Ne5 30. Bxe5 Bxe5 31. Ree2 Rd8 32. Qe1 Rf7 33. Rf2 Rfd7
34. Kg2 Bd6 35. Qc1 Qe5 36. Rc8 Bb7 37. Rxd8+ Rxd8 38. Qb2 Bd5 39. Qc2 a5 40.
Qb2 Rc8 41. Qxe5 Bxe5 42. Rd2 Rc1 43. Rd1 Rc5 44. Rd2 b5 45. Bd1 Rc1 46. Bg4
Kf7 47. Rf2+ Ke7 48. Be2 Bc6 49. Nh2 a4 50. Ng4 Bc3 51. bxa4 bxa4 52. Ba6 Bd5
53. a3 Ra1 54. Rc2 Rxa3 55. Bb5 Ba5 56. Nf2 Ra1 57. Bc4 Kd6 58. Bxd5 exd5 59.
h4 a3 60. g4 Rb1 61. h5 Rb2 62. Rc1 a2 63. Ra1 Bc3 64. Kg3 Rxf2 0-1

[Event "SR 2. liga A 2011/2012"]
[Site "?"]
[Date "2011.12.03"]
[Round "29.7"]
[White "Koloditsova, Renata"]
[Black "Povysil, Peter"]
[Result "0-1"]
[WhiteElo "1839"]
[BlackElo "1990"]
[PlyCount "50"]
[EventDate "2011.??.??"]
[WhiteTeam "Slovakia"]
[BlackTeam "Slovakia"]
[WhiteTeamCountry "SVK"]
[BlackTeamCountry "SVK"]

1. d4 d5 2. Nf3 Nf6 3. c4 c6 4. Nc3 e6 5. e3 Nbd7 6. Qc2 Bd6 7. g4 Nxg4 8. Rg1
Nxh2 9. Nxh2 Bxh2 10. Rxg7 Qh4 11. Be2 Nf6 12. Bd2 Bd6 13. O-O-O Bd7 14. f4 Ke7
15. Rdg1 Rag8 16. c5 Bc7 17. Qd1 Rxg7 18. Rxg7 h5 19. Qg1 Qh3 20. Be1 h4 21.
Nd1 Qf5 22. Qh2 Kf8 23. Rg5 Qxg5 24. fxg5 Bxh2 25. gxf6 e5 0-1

[Event "SR 2. liga A 2011/2012"]
[Site "?"]
[Date "2011.12.03"]
[Round "29.8"]
[White "Mikulasek, Viktor"]
[Black "Kahancova, Jana"]
[Result "1-0"]
[WhiteElo "1871"]
[BlackElo "1670"]
[PlyCount "41"]
[EventDate "2011.??.??"]
[WhiteTeam "Slovakia"]
[BlackTeam "Slovakia"]
[WhiteTeamCountry "SVK"]
[BlackTeamCountry "SVK"]

1. e4 e5 2. Nf3 Nc6 3. Bb5 a6 4. Ba4 Nf6 5. O-O Be7 6. Re1 b5 7. Bb3 d6 8. c3
O-O 9. h3 Be6 10. Bc2 Ne8 11. d4 exd4 12. cxd4 Bd7 13. Nbd2 f5 14. e5 dxe5 15.
dxe5 Qc8 16. e6 Bxe6 17. Rxe6 Nd6 18. Re1 Qd7 19. Nf1 Rae8 20. a4 Qc8 21. Qd5+
1-0

[Event "SR 2. liga A 2011/2012"]
[Site "?"]
[Date "2011.12.03"]
[Round "30.1"]
[White "Smolen, Jan"]
[Black "Matejovic, Juraj"]
[Result "1-0"]
[WhiteElo "2377"]
[BlackElo "2243"]
[PlyCount "45"]
[EventDate "2011.??.??"]
[WhiteTeam "Slovakia"]
[BlackTeam "Slovakia"]
[WhiteTeamCountry "SVK"]
[BlackTeamCountry "SVK"]

1. d4 Nf6 2. c4 g6 3. Nc3 Bg7 4. e4 d6 5. Be2 O-O 6. Bg5 h6 7. Bh4 Na6 8. f4
Qe8 9. Nf3 c6 10. O-O Bg4 11. e5 Nd7 12. h3 Bxf3 13. Bxf3 dxe5 14. fxe5 c5 15.
Bxb7 cxd4 16. Nd5 g5 17. Bg3 Nac5 18. Bxa8 Qxa8 19. Nxe7+ Kh8 20. Qxd4 Ne4 21.
Bh2 Ndc5 22. Nd5 a5 23. Rae1 {: 0} 1-0

[Event "SR 2. liga A 2011/2012"]
[Site "?"]
[Date "2011.12.03"]
[Round "30.2"]
[White "Federic, Jozef"]
[Black "Peitl, Tomas"]
[Result "1-0"]
[WhiteElo "2270"]
[BlackElo "2214"]
[PlyCount "51"]
[EventDate "2011.??.??"]
[WhiteTeam "Slovakia"]
[BlackTeam "Slovakia"]
[WhiteTeamCountry "SVK"]
[BlackTeamCountry "SVK"]

1. d4 Nf6 2. g3 d5 3. Bg2 e6 4. Nf3 Be7 5. O-O O-O 6. c4 c6 7. Qc2 b6 8. Rd1
Bb7 9. Nc3 Na6 10. Ne5 Nd7 11. Bf4 Nxe5 12. Bxe5 Rc8 13. Qa4 Bd6 14. Bxd6 Qxd6
15. e4 dxc4 16. Qxc4 Rfd8 17. Qe2 Nc7 18. Rac1 Qb4 19. a3 Qb3 20. Rd2 Ba6 21.
Qe1 h6 22. Bf3 Nb5 23. Bd1 Nxd4 24. Rxd4 Qxb2 25. Rb1 Qxa3 26. Ra4 1-0

[Event "SR 2. liga A 2011/2012"]
[Site "?"]
[Date "2011.12.03"]
[Round "30.4"]
[White "Skara, Vladimir"]
[Black "Machalova, Maria"]
[Result "1-0"]
[WhiteElo "2219"]
[BlackElo "2184"]
[PlyCount "73"]
[EventDate "2011.??.??"]
[WhiteTeam "Slovakia"]
[BlackTeam "Slovakia"]
[WhiteTeamCountry "SVK"]
[BlackTeamCountry "SVK"]

1. e4 c5 2. Nf3 Nc6 3. d4 cxd4 4. Nxd4 g6 5. c4 Bg7 6. Be3 Nf6 7. Nc3 O-O 8.
Be2 d6 9. O-O Bd7 10. f3 a5 11. b3 Nxd4 12. Bxd4 Bc6 13. Qd2 Nd7 14. Be3 Nc5
15. Rab1 Qb6 16. Rfc1 Rfc8 17. Rc2 Qd8 18. Bf1 Qf8 19. Nd5 Bxd5 20. exd5 h5 21.
h3 f5 22. Re1 Rc7 23. Qc1 Qf7 24. Rf2 Rf8 25. Qd2 b6 26. Bd3 Ra7 27. Kh1 Be5
28. Rfe2 f4 29. Bxc5 bxc5 30. Rxe5 dxe5 31. Rxe5 Ra6 32. Qe1 Re8 33. Qe4 Kg7
34. Rg5 Kh6 35. Qe5 Rd6 36. h4 Ra8 37. Rxh5+ {: 0} 1-0

[Event "SR 2. liga A 2011/2012"]
[Site "?"]
[Date "2011.12.03"]
[Round "30.5"]
[White "Oprea, Erik"]
[Black "Mydlarik, Martin"]
[Result "1-0"]
[WhiteElo "2135"]
[BlackElo "2136"]
[PlyCount "78"]
[EventDate "2011.??.??"]
[WhiteTeam "Slovakia"]
[BlackTeam "Slovakia"]
[WhiteTeamCountry "SVK"]
[BlackTeamCountry "SVK"]

1. e4 d5 2. exd5 Qxd5 3. Nf3 Nf6 4. Nc3 Qa5 5. Bc4 Bg4 6. Be2 e6 7. d3 Nbd7 8.
Bd2 c6 9. h3 Bxf3 10. Bxf3 Qc7 11. Ne4 Be7 12. g3 Nxe4 13. Bxe4 Bf6 14. Rb1 Nc5
15. Bg2 Bxb2 16. O-O Bf6 17. Bf4 Qd7 18. Qh5 Na4 19. Bd2 O-O 20. Rb4 Nb6 21.
Rfb1 g6 22. Qf3 Bg7 23. Be3 Qd5 24. a4 Qa2 25. c4 Nxa4 26. Rxb7 Nc3 27. R1b2
Qa1+ 28. Kh2 Na4 29. R2b4 c5 30. Rb1 Qa2 31. R1b5 Qc2 32. Rxf7 Rxf7 33. Qxa8+
Rf8 34. Rb8 Nb6 35. Rxf8+ Bxf8 36. Qxa7 Qb3 37. Qb8 Kf7 38. Bc6 Be7 39. Qe8+
Kf6 {: 0} 1-0

[Event "SR 2. liga A 2011/2012"]
[Site "?"]
[Date "2011.12.03"]
[Round "30.6"]
[White "Sustak, Roman"]
[Black "Prikler, Bruno"]
[Result "0-1"]
[WhiteElo "1971"]
[BlackElo "2037"]
[PlyCount "94"]
[EventDate "2011.??.??"]
[WhiteTeam "Slovakia"]
[BlackTeam "Slovakia"]
[WhiteTeamCountry "SVK"]
[BlackTeamCountry "SVK"]

1. Nf3 c5 2. c4 g6 3. Nc3 Bg7 4. g3 Nf6 5. Bg2 O-O 6. O-O Nc6 7. d3 d6 8. a3
Bg4 9. Rb1 a6 10. b4 cxb4 11. axb4 d5 12. c5 Ne8 13. Na4 Nc7 14. Nb6 Rb8 15. h3
Bxf3 16. Bxf3 Nb5 17. Bd2 e6 18. Bg2 Nc3 19. Bxc3 Bxc3 20. Qa4 Qe7 21. e3 Bg7
22. e4 dxe4 23. Bxe4 Nd4 24. Rfe1 Nb5 25. Rbc1 Rfd8 26. Qd1 Bc3 27. Re2 Bxb4
28. Rec2 Nd4 29. Rc4 Ba3 30. R1c3 Bb2 31. Rc2 Nxc2 32. Qxc2 Bd4 33. Kh2 Qc7 34.
Bg2 Qe5 35. Bf3 Qf5 36. Kg2 Bg7 37. Be4 Qe5 38. d4 Rxd4 39. f4 Rxc4 40. fxe5
Rxc2+ 41. Bxc2 Bxe5 42. Be4 Bd4 43. Na4 f5 44. Bf3 Kf7 45. Kf1 Ke7 46. Ke2 b5
47. Kd3 bxa4 {0 :} 0-1

[Event "SR 2. liga A 2011/2012"]
[Site "?"]
[Date "2011.12.03"]
[Round "30.7"]
[White "Hricak, Vasil"]
[Black "Horvath, Marek"]
[Result "1-0"]
[WhiteElo "1978"]
[BlackElo "1844"]
[PlyCount "87"]
[EventDate "2011.??.??"]
[WhiteTeam "Slovakia"]
[BlackTeam "Slovakia"]
[WhiteTeamCountry "SVK"]
[BlackTeamCountry "SVK"]

1. e4 d5 2. exd5 Nf6 3. d4 Nxd5 4. c4 Nb6 5. Nc3 g6 6. Nf3 Bg7 7. c5 Nd5 8. Bc4
c6 9. Qb3 O-O 10. Bxd5 cxd5 11. Qxd5 Nc6 12. Be3 Qa5 13. O-O Rd8 14. Qc4 Bg4
15. Ng5 Rf8 16. h3 Bd7 17. d5 Qb4 18. Qxb4 Nxb4 19. Rfd1 Nc2 20. Rab1 Nxe3 21.
fxe3 Rac8 22. e4 Rxc5 23. Nf3 Bxc3 24. bxc3 Rxc3 25. Rxb7 Bxh3 26. gxh3 Rxf3
27. Rxe7 Rb8 28. Kg2 Ra3 29. Rd2 Kf8 30. d6 Rd8 31. e5 Ra5 32. Rf2 f5 33. Rxh7
Kg8 34. Re7 Kf8 35. Kg3 Re8 36. Rxe8+ Kxe8 37. Kf4 Rd5 38. Rc2 a5 39. Rc7 Rd2
40. Kg5 Re2 41. Kf6 f4 42. e6 Kd8 43. e7+ Ke8 44. d7# {: 0} 1-0

[Event "SR 2. liga A 2011/2012"]
[Site "?"]
[Date "2011.12.03"]
[Round "30.8"]
[White "Soldan, Jan"]
[Black "Sosovicka, Matej"]
[Result "1-0"]
[WhiteElo "1834"]
[BlackElo "1961"]
[PlyCount "58"]
[EventDate "2011.??.??"]
[WhiteTeam "Slovakia"]
[BlackTeam "Slovakia"]
[WhiteTeamCountry "SVK"]
[BlackTeamCountry "SVK"]

1. e4 c5 2. Nf3 Nc6 3. d4 cxd4 4. Nxd4 Nf6 5. Nc3 e5 6. Nb3 Bb4 7. Bd3 d5 8.
O-O Bxc3 9. bxc3 dxe4 10. Bb5 Bg4 11. Qe1 O-O 12. Bxc6 bxc6 13. Bg5 Qd5 14.
Bxf6 gxf6 15. f3 exf3 16. Qg3 Kh8 17. Qxg4 e4 18. Qh4 Qe5 19. Rae1 Rg8 20. g3
Rae8 21. Rxf3 exf3 22. Rxe5 fxe5 23. Qf6+ Rg7 24. Qxc6 Re6 25. Qxf3 f6 26. Nc5
Rb6 27. Ne4 Rf7 28. Kg2 f5 29. Ng5 Kg7 {: 0} 1-0

[Event "SR 2. liga A 2011/2012"]
[Site "?"]
[Date "2011.12.04"]
[Round "31.1"]
[White "Likavsky, Tomas"]
[Black "Jablonicky, Frantisek"]
[Result "1-0"]
[WhiteElo "2486"]
[BlackElo "2187"]
[PlyCount "41"]
[EventDate "2011.??.??"]
[WhiteTeam "Slovakia"]
[BlackTeam "Slovakia"]
[WhiteTeamCountry "SVK"]
[BlackTeamCountry "SVK"]

1. d4 f5 2. g3 c5 3. dxc5 Qa5+ 4. Nc3 Qxc5 5. Bg2 Nf6 6. Bg5 Ne4 7. Bxe4 fxe4
8. Qd2 Qc4 9. O-O-O e6 10. Qf4 d5 11. Nf3 Nc6 12. Ne5 Nxe5 13. Qxe5 Kf7 14. f3
Bb4 15. Rd4 Qc5 16. fxe4 Bxc3 17. Rf1+ Kg6 18. Rf6+ gxf6 19. Qxf6+ Kh5 20. Qh6+
Kg4 21. Qh4# 1-0

[Event "SR 2. liga A 2011/2012"]
[Site "?"]
[Date "2011.12.04"]
[Round "31.2"]
[White "Sekera, Branislav"]
[Black "Doucha, Ludvik"]
[Result "0-1"]
[WhiteElo "2151"]
[BlackElo "2102"]
[PlyCount "82"]
[EventDate "2011.??.??"]
[WhiteTeam "Slovakia"]
[BlackTeam "Slovakia"]
[WhiteTeamCountry "SVK"]
[BlackTeamCountry "SVK"]

1. Nf3 Nf6 2. d4 g6 3. g3 Bg7 4. Bg2 O-O 5. O-O d6 6. Nc3 Nbd7 7. Bg5 h6 8. Bf4
Re8 9. e4 e5 10. dxe5 dxe5 11. Be3 c6 12. h3 Qc7 13. Kh2 Nf8 14. Qe2 b5 15. Nh4
a5 16. Qd2 Rd8 17. Qc1 Kh7 18. Re1 Ne6 19. Ne2 c5 20. Nc3 Rb8 21. a4 b4 22. Nd5
Nxd5 23. exd5 Nd4 24. Rb1 Bb7 25. c4 b3 26. f4 Nc2 27. Rf1 Ba6 28. f5 Bxc4 29.
Rd1 g5 30. Bxg5 hxg5 31. Qxg5 Bh6 32. Qh5 Rd6 33. f6 Rxf6 34. d6 Rxd6 35. Qxe5
Nd4 36. Rxd4 cxd4 37. Be4+ Kg8 38. Nf5 Bf8 39. Re1 Rd7 40. Qf6 Rb6 41. Qh4 Rg6
0-1

[Event "SR 2. liga A 2011/2012"]
[Site "?"]
[Date "2011.12.04"]
[Round "31.3"]
[White "Arendas, Marek"]
[Black "Kozinka, Roman"]
[Result "1/2-1/2"]
[WhiteElo "2082"]
[BlackElo "2056"]
[PlyCount "53"]
[EventDate "2011.??.??"]
[WhiteTeam "Slovakia"]
[BlackTeam "Slovakia"]
[WhiteTeamCountry "SVK"]
[BlackTeamCountry "SVK"]

1. e4 c5 2. Nf3 d6 3. d4 cxd4 4. Nxd4 Nf6 5. Nc3 a6 6. Be2 e6 7. O-O Be7 8. Be3
Qc7 9. a4 Nc6 10. f4 O-O 11. Kh1 Re8 12. Nb3 b6 13. Qe1 Nb4 14. Qf2 Nxc2 15.
Bxb6 Qb8 16. Rac1 Nd7 17. Rxc2 Qxb6 18. Qxb6 Nxb6 19. Rfc1 Bd7 20. a5 Na4 21.
Nd1 Kf8 22. Rc7 Red8 23. Nd2 Rdc8 24. b3 Rxc7 25. Rxc7 Nc5 26. e5 Bd8 27. Bf3
1/2-1/2

[Event "SR 2. liga A 2011/2012"]
[Site "?"]
[Date "2011.12.04"]
[Round "31.4"]
[White "Kavon, Rastislav"]
[Black "Hertel, Ondrej"]
[Result "1/2-1/2"]
[WhiteElo "1879"]
[BlackElo "2073"]
[PlyCount "73"]
[EventDate "2011.??.??"]
[WhiteTeam "Slovakia"]
[BlackTeam "Slovakia"]
[WhiteTeamCountry "SVK"]
[BlackTeamCountry "SVK"]

1. e4 c6 2. d4 d5 3. Nc3 dxe4 4. Nxe4 Nd7 5. Nf3 Ngf6 6. Nxf6+ Nxf6 7. Bc4 e6
8. O-O Be7 9. Bf4 O-O 10. c3 b5 11. Be2 Bb7 12. Qd2 a6 13. a4 Qb6 14. a5 Qa7
15. b4 Rac8 16. h4 Rfd8 17. Qc2 Nd5 18. Bd2 Qb8 19. Bd3 g6 20. h5 Nf4 21. Bxf4
Qxf4 22. hxg6 hxg6 23. Ne5 Kg7 24. Rae1 Rh8 25. g3 Qh6 26. f4 Qh1+ 27. Kf2 Rh2+
28. Ke3 Rxc2 29. Rxh1 Rxc3 30. Rh2 Bf6 31. Reh1 Bxe5 32. fxe5 Rg8 33. Rh7+ Kf8
34. Rf1 Rg7 35. Rh8+ Rg8 36. Rxg8+ Kxg8 37. g4 1/2-1/2

[Event "SR 2. liga A 2011/2012"]
[Site "?"]
[Date "2011.12.04"]
[Round "31.5"]
[White "Liptak, Dusan"]
[Black "Mackovic, Matus"]
[Result "1-0"]
[WhiteElo "2075"]
[BlackElo "1873"]
[PlyCount "49"]
[EventDate "2011.??.??"]
[WhiteTeam "Slovakia"]
[BlackTeam "Slovakia"]
[WhiteTeamCountry "SVK"]
[BlackTeamCountry "SVK"]

1. Nf3 Nf6 2. c4 g6 3. Nc3 Bg7 4. d4 O-O 5. e4 d6 6. Be2 Nfd7 7. h4 e5 8. h5
Nc6 9. Be3 exd4 10. Nxd4 Nxd4 11. Bxd4 g5 12. h6 Be5 13. Qd2 Nb6 14. Be3 f6 15.
g3 g4 16. Rh4 f5 17. exf5 Bxf5 18. Bxg4 Kh8 19. Bxf5 Rxf5 20. O-O-O Qg8 21. Qd3
Raf8 22. Qe4 c6 23. f4 Qxg3 24. fxe5 Rxe5 25. Bd4 1-0

[Event "SR 2. liga A 2011/2012"]
[Site "?"]
[Date "2011.12.04"]
[Round "31.6"]
[White "Mackovic, Miroslav"]
[Black "Puchart, Vladimir"]
[Result "1-0"]
[WhiteElo "1911"]
[BlackElo "2079"]
[PlyCount "63"]
[EventDate "2011.??.??"]
[WhiteTeam "Slovakia"]
[BlackTeam "Slovakia"]
[WhiteTeamCountry "SVK"]
[BlackTeamCountry "SVK"]

1. e4 c5 2. Nf3 d6 3. d4 cxd4 4. Nxd4 Nf6 5. Nc3 a6 6. Be2 e5 7. Nb3 Be7 8. f4
Qc7 9. O-O O-O 10. g4 exf4 11. g5 Nfd7 12. Bxf4 Ne5 13. Nd5 Qd8 14. Nxe7+ Qxe7
15. c4 Be6 16. Nd2 Nbd7 17. b3 Nc5 18. Kh1 Bh3 19. Rg1 Ng6 20. Bg3 Rad8 21. Qc2
Rfe8 22. Bf3 Qxg5 23. Nf1 Ne5 24. Bxe5 Qxe5 25. Ng3 Re6 26. Rad1 Rg6 27. Rd5
Qf4 28. Qe2 Bg4 29. Bxg4 Qxg4 30. Qxg4 Rxg4 31. e5 Rg5 32. Rgd1 {
èierny prekroèil èas} 1-0

[Event "SR 2. liga A 2011/2012"]
[Site "?"]
[Date "2011.12.04"]
[Round "31.7"]
[White "Sturdik, Igor"]
[Black "Zarecky, Eduard"]
[Result "1-0"]
[WhiteElo "2067"]
[BlackElo "1948"]
[PlyCount "69"]
[EventDate "2011.??.??"]
[WhiteTeam "Slovakia"]
[BlackTeam "Slovakia"]
[WhiteTeamCountry "SVK"]
[BlackTeamCountry "SVK"]

1. e4 e5 2. Nf3 d6 3. d4 exd4 4. Nxd4 g6 5. Nc3 Bg7 6. Be3 Nf6 7. f3 a6 8. Qd2
b5 9. Bh6 O-O 10. h4 Re8 11. Bxg7 Kxg7 12. h5 Ng8 13. hxg6 fxg6 14. O-O-O c6
15. Nb3 Be6 16. Qxd6 Qxd6 17. Rxd6 Bxb3 18. axb3 Ra7 19. Be2 Rd7 20. Rhd1 Nf6
21. Rxd7+ Nfxd7 22. b4 g5 23. Kd2 Kf6 24. Ke3 Ke5 25. g3 Nf8 26. f4+ gxf4+ 27.
gxf4+ Kf6 28. e5+ Ke7 29. Rh1 Nbd7 30. Bd3 Nb6 31. b3 Nd5+ 32. Nxd5+ cxd5 33.
Bxh7 Nxh7 34. Rxh7+ Ke6 35. Kd4 1-0

[Event "SR 2. liga A 2011/2012"]
[Site "?"]
[Date "2011.12.04"]
[Round "31.8"]
[White "Jablonicky, Martin"]
[Black "Krist, Milan"]
[Result "0-1"]
[WhiteElo "1757"]
[BlackElo "1990"]
[PlyCount "78"]
[EventDate "2011.??.??"]
[WhiteTeam "Slovakia"]
[BlackTeam "Slovakia"]
[WhiteTeamCountry "SVK"]
[BlackTeamCountry "SVK"]

1. e4 c6 2. d4 d5 3. Nc3 dxe4 4. Nxe4 Nf6 5. Nxf6+ exf6 6. Nf3 Bd6 7. Be2 O-O
8. O-O Bg4 9. b3 Nd7 10. Bb2 Re8 11. h3 Bh5 12. Qd2 Qc7 13. Rfe1 Nb6 14. c4 Bf4
15. Qc2 Rad8 16. Rad1 Qc8 17. a4 Bb8 18. Nh2 Qc7 19. Nf1 Bg6 20. Bd3 Nc8 21.
Bxg6 hxg6 22. b4 Nd6 23. Qc3 Nf5 24. Rxe8+ Rxe8 25. Re1 Rd8 26. Re4 Nd6 27. Re1
Nf5 28. Qd2 Nd6 29. Qd3 Nf5 30. b5 a6 31. bxa6 bxa6 32. d5 cxd5 33. cxd5 Qa5
34. Re4 Rxd5 35. Qc4 Be5 36. Bxe5 fxe5 37. Qc8+ Kh7 38. Qe8 Qc7 39. a5 Qe7 {
biely prekroèil èas} 0-1

[Event "SR 2. liga A 2011/2012"]
[Site "?"]
[Date "2011.12.04"]
[Round "32.1"]
[White "Pagerka, Martin"]
[Black "Kundrik, Peter"]
[Result "1-0"]
[WhiteElo "2200"]
[BlackElo "2260"]
[PlyCount "51"]
[EventDate "2011.??.??"]
[WhiteTeam "Slovakia"]
[BlackTeam "Slovakia"]
[WhiteTeamCountry "SVK"]
[BlackTeamCountry "SVK"]

1. e4 e6 2. d4 d5 3. Nc3 Nf6 4. e5 Nfd7 5. f4 c5 6. Nf3 Nc6 7. Be3 a6 8. Qd2 b5
9. Ne2 b4 10. Nc1 c4 11. Qf2 Ndb8 12. Be2 Ne7 13. g4 h5 14. Qh4 Qc7 15. Ng5 Bd7
16. gxh5 Nf5 17. Qf2 Be7 18. Bg4 Nxe3 19. Qxe3 Qc6 20. Ne2 Qa4 21. b3 Qc6 22.
O-O f6 23. Nxe6 Bxe6 24. exf6 gxf6 25. Bxe6 Rxh5 26. Ng3 1-0

[Event "SR 2. liga A 2011/2012"]
[Site "?"]
[Date "2011.12.04"]
[Round "32.2"]
[White "Blatnicky, Miroslav"]
[Black "Cajka, Tibor"]
[Result "0-1"]
[WhiteElo "2130"]
[BlackElo "2140"]
[PlyCount "89"]
[EventDate "2011.??.??"]
[WhiteTeam "Slovakia"]
[BlackTeam "Slovakia"]
[WhiteTeamCountry "SVK"]
[BlackTeamCountry "SVK"]

1. d4 Nf6 2. c4 c5 3. d5 b5 4. cxb5 a6 5. e3 g6 6. Nc3 Bg7 7. bxa6 Bxa6 8. Bxa6
Nxa6 9. Nge2 O-O 10. O-O d6 11. e4 Qb6 12. f3 Rfb8 13. Rb1 Nd7 14. Bg5 c4+ 15.
Kh1 Nb4 16. b3 cxb3 17. Rxb3 Nc5 18. Be3 Qa6 19. Bxc5 dxc5 20. Qb1 Rc8 21. a3
Nd3 22. Rb5 c4 23. a4 Qa7 24. g3 Qe3 25. Qc2 h5 26. Nd1 Qa7 27. Nec3 Nc5 28.
Rb1 Nb3 29. f4 Bd4 30. Qe2 Qa5 31. Qc2 Rab8 32. h4 Bc5 33. f5 Qc7 34. Kg2 Nd4
35. Qa2 Rxb1 36. Qxb1 Rb8 37. Qc1 Kg7 38. Qg5 Qe5 39. Ne3 Nc2 40. f6+ exf6 41.
Qxe5 Nxe3+ 42. Kf3 fxe5 43. Re1 Rb3 44. d6 Rxc3 45. d7 0-1

[Event "SR 2. liga A 2011/2012"]
[Site "?"]
[Date "2011.12.04"]
[Round "32.3"]
[White "Bury, Rastislav"]
[Black "Abel, Peter"]
[Result "1/2-1/2"]
[WhiteElo "2173"]
[BlackElo "2198"]
[PlyCount "25"]
[EventDate "2011.??.??"]
[WhiteTeam "Slovakia"]
[BlackTeam "Slovakia"]
[WhiteTeamCountry "SVK"]
[BlackTeamCountry "SVK"]

1. d4 Nf6 2. c4 c5 3. d5 e5 4. Nc3 d6 5. e4 Be7 6. g3 O-O 7. Bg2 Nbd7 8. Nge2
Ne8 9. O-O a6 10. a4 Kh8 11. f4 Nc7 12. Be3 b6 13. Qd2 1/2-1/2

[Event "SR 2. liga A 2011/2012"]
[Site "?"]
[Date "2011.12.04"]
[Round "32.4"]
[White "Manak, Jozef"]
[Black "Jozefek, Michal"]
[Result "0-1"]
[WhiteElo "2053"]
[BlackElo "1910"]
[PlyCount "84"]
[EventDate "2011.??.??"]
[WhiteTeam "Slovakia"]
[BlackTeam "Slovakia"]
[WhiteTeamCountry "SVK"]
[BlackTeamCountry "SVK"]

1. e4 c5 2. Nf3 Nc6 3. d4 cxd4 4. Nxd4 g6 5. Nc3 Bg7 6. Be3 Nf6 7. Qd2 O-O 8.
f3 d5 9. Nxc6 bxc6 10. Be2 Be6 11. O-O Nxe4 12. fxe4 d4 13. Bg5 dxc3 14. Qxd8
Rfxd8 15. b3 Bd4+ 16. Kh1 f6 17. Bf4 a5 18. a4 Rd7 19. Rfb1 Bc5 20. Rd1 Rad8
21. Bc7 Rxd1+ 22. Rxd1 Rxd1+ 23. Bxd1 Bb4 24. Kg1 Kf7 25. Kf2 f5 26. Ke3 Ke8
27. g3 Kd7 28. Be5 fxe4 29. Kxe4 Bf5+ 30. Kd4 Ke6 31. Bc7 Bh3 32. Bb6 Kd6 33.
Be2 e5+ 34. Ke3 Bc5+ 35. Bxc5+ Kxc5 36. g4 Bg2 37. h4 Kb4 38. g5 Ka3 39. h5 Kb2
40. hxg6 hxg6 41. b4 axb4 42. Bd1 b3 0-1

[Event "SR 2. liga A 2011/2012"]
[Site "?"]
[Date "2011.12.04"]
[Round "32.5"]
[White "Spacek, Oliver"]
[Black "Stepanovic, Branislav"]
[Result "1/2-1/2"]
[WhiteElo "1907"]
[BlackElo "1995"]
[PlyCount "79"]
[EventDate "2011.??.??"]
[WhiteTeam "Slovakia"]
[BlackTeam "Slovakia"]
[WhiteTeamCountry "SVK"]
[BlackTeamCountry "SVK"]

1. d4 Nf6 2. c4 g6 3. Nc3 d5 4. cxd5 Nxd5 5. g3 Bg7 6. Bg2 Nxc3 7. bxc3 c5 8.
e3 cxd4 9. exd4 O-O 10. Ne2 e5 11. d5 Bg4 12. O-O Qc8 13. Ba3 Re8 14. f3 Bh3
15. Bxh3 Qxh3 16. Qb3 b6 17. c4 Nd7 18. Rad1 Rac8 19. Nc3 f5 20. d6 e4 21. c5+
Kh8 22. Nd5 exf3 23. Rxf3 Re2 24. Rf2 Rxf2 25. Kxf2 Qxh2+ 26. Kf1 bxc5 27. Qb7
Qh1+ 28. Kf2 Qxd1 29. Qxc8+ Nf8 30. d7 Bd4+ 31. Ne3 Qd2+ 32. Kf1 Qd3+ 33. Kg2
Qe2+ 34. Kh1 Qf3+ 35. Kh2 Qe2+ 36. Ng2 Qh5+ 37. Nh4 Qe2+ 38. Ng2 Qh5+ 39. Nh4
Qe2+ 40. Ng2 1/2-1/2